MARC

LEADER 00000nam0a2200000 4500
001 1313
005 20231030173101.0
010 |a 50889580336 
035 |a (RuTPU)RU\TPU\book\1320 
035 |a BOOK00001322 
090 |a 1313 
100 |a 20011209d1995 m y0rusy50 ca 
101 1 |a rus  |c eng 
102 |a RU 
105 |a y z 000zy 
200 1 |a Расколотое "Я". Анти-психиатрия  |e пер. с англ.  |f Р. Д. Лэнг 
210 |a СПб.  |c Белый Кролик  |a Москва  |c Академия  |d 1995 
215 |a 352 с. 
225 1 |a Библиотека зарубежной психологии 
610 1 |a психология 
610 1 |a психология личности 
610 1 |a личность 
610 1 |a психоанализ 
610 1 |a антипсихиатрия 
686 |a Ю937  |v LBC/SL-A  |2 rubbk 
686 |a Ю932  |v LBC/SL-A  |2 rubbk 
700 1 |a Лэнг  |b Р. Д.  |g Рональд Д. 
801 0 |a RU  |b 63413507  |c 20011209  |g PSBO 
801 2 |a RU  |b 63413507  |c 20220408  |g PSBO 
942 |c BK